00704nam a22001812 4500001001100000005001700011008004100028040001500069100004100084245013100125260004100256300001500297650004300312650005600355650004800411700003300459700003000492000002532920151021153304.0150626s xx 000 0 eng d aKABUcKABU1 aSulungai, Gloria Nafula.@000018594312aA study to reduce unaccounted for water :ba case of Nzoia water and sanitation services company /cby Gloria Nafula Sulungai. aNakuru :bKabarak University,c2014. axii, 74 p. 0aWater conservationzKenya.@0000185944 0aWater supplyxGovernment policyzKenya.@0000185945 0aWater consumptionxMeasurement.@00001669781 aMosoti, Zachary.@00001858801 aMboga, Joash.@0000185946